000 00704nam a2200217Ia 4500
003 OSt
005 20230502154004.0
008 210423s2018 xx 000 0 und d
020 _a978-93-5287-393-7
040 _cAL
041 _aeng
082 _a333.70954
_223
_bGERP
100 _aGERBER (Julien-Francois);RAINA (Rajeswari S)
_996355
245 _aPost growth thinking in India: towards sustainble egalitarian alternatives
260 _aHyderabad
_bOrient Blackswan
_c2018
300 _axxi,365
_bHB
365 _b1225
_cINR
650 _aNatural Resources & Energy
_996356
906 _aalternatives ; egalitarian ; growth ; India: ; Post ; sustainble ; thinking ; towards
942 _2ddc
_cBK
999 _c170810
_d170810